000 00722cam a22002298i 4500
999 _c57756
_d57756
001 20898453
005 20221107104553.0
008 190321s2020 nyu b 001 0 eng
020 _a9781138345942x
080 _a338.48+796.5 E-93
100 1 _aEvans, Nigel,
_d1955-
_eauthor.
_99688
245 1 0 _aStrategic management for tourism, hospitality and events /
_cNigel Evans.
250 _aThird Edition.
264 4 _cNew York :
_aRoutledge,
_b2020.
300 _a787 p.
_b25 cm.
650 0 _aTourism
_xManagement.
_98886
650 0 _aHospitality industry
_xManagement.
_99689
650 0 _aStrategic planning.
_99690
653 _aმენეჯმენტი
653 _aტურიზმი
942 _2udc
_cBK